000
00266nmm a2200097Ia 4500
008
220120s9999||||xx |||||||||||||||||und||
020
_a
81-7853-3072-4
100
_a
Digit
245
0
_a
Open source starterpack, fresh linux distros, introduction t
260
_b
Bangalore
999
_c
140045
_d
140045